Manažeři proti mobbingu

Definícia mobbingu resp. šikany v zamestnaní. Dôsledky a príčiny mobbingu. Zodpovednosť a povinnosti manažérov. Nová úloha vedúcich pracovníkov a spolupracovníkov. Prevencia a riešenie mobbingu. Praktický príklad.

Na minha lista:
Detalhes bibliográficos
Autor principal: Lauper, E.
Formato: Capítulo de Livro
Idioma:tcheco
Assuntos:
Tags: Adicionar Tag
Sem tags, seja o primeiro a adicionar uma tag!

MARC

LEADER 00000naa a2200000 4500
001 r047120
005 20231002104108.9
041 0 |a cze 
044 |a CZ 
245 1 0 |a Manažeři proti mobbingu  |c E. Lauper 
520 |a Definícia mobbingu resp. šikany v zamestnaní. Dôsledky a príčiny mobbingu. Zodpovednosť a povinnosti manažérov. Nová úloha vedúcich pracovníkov a spolupracovníkov. Prevencia a riešenie mobbingu. Praktický príklad. 
610 2 0 |a vzťahy medziľudské 
610 2 0 |a vzťahy pracovné 
610 2 0 |a zamestnanie 
610 2 0 |a manažéri 
610 2 0 |a psychológia práce 
610 2 0 |a depresia 
610 2 0 |a práca 
610 2 0 |a mobbing 
100 1 |a Lauper, E.